Statistics for South America by Official Language

Click here to take the quiz!

General Stats

  • This quiz has been taken 48 times
  • The average score is 12 of 12

Answers on the Map

Answers color-coded by a green-red scale on the quiz's map according to % correct below.
 

Answer Stats

CountryLanguage% Correct
PeruAshaninka, Aymara, Quechua, Spanish
100%
BoliviaAymara, Araona, Baure, Besiro, Canichana, Castilian (Spanish), Cavinena, Cayubaba, Chacobo, Chiman, Ese Ejja, Guarani, Guarasu'we, Guarayu, Itonama, Leco, Machajuyai-Kallawaya, Machineri, Maropa, Mojeno-Ignaciano, Mojeno-Trinitario, More, Moseten, Movima, Pacawara, Puquina, Quechua, Siriono, Tacana, Tapiete, Toromona, Uru-Chipaya, Weenhayek, Yaminawa, Yuki, Zamuco
100%
ParaguayGuarani, Spanish
100%
ArgentinaSpanish
100%
ChileSpanish
100%
ColombiaSpanish
100%
UruguaySpanish
100%
VenezuelaSpanish
100%
EcuadorSpanish, Quechua
100%
BrazilPortuguese
98%
GuyanaEnglish
86%
SurinameDutch
80%

Score Distribution

Percentile by Number Answered

Percent of People with Each Score

Your Score History

You have not taken this quiz